| 000 -LEADER |
| fixed length control field |
02038cam a22003614a 4500 |
| 001 - CONTROL NUMBER |
| control field |
8363878 |
| 003 - CONTROL NUMBER IDENTIFIER |
| control field |
USPCAS-E |
| 005 - DATE AND TIME OF LATEST TRANSACTION |
| control field |
20180118181420.0 |
| 006 - FIXED-LENGTH DATA ELEMENTS--ADDITIONAL MATERIAL CHARACTERISTICS |
| fixed length control field |
m d |
| 007 - PHYSICAL DESCRIPTION FIXED FIELD--GENERAL INFORMATION |
| fixed length control field |
cr n |
| 008 - FIXED-LENGTH DATA ELEMENTS--GENERAL INFORMATION |
| fixed length control field |
060908s2006 gw a sb 001 0 eng d |
| 020 ## - INTERNATIONAL STANDARD BOOK NUMBER |
| International Standard Book Number |
3527312188 |
| 020 ## - INTERNATIONAL STANDARD BOOK NUMBER |
| International Standard Book Number |
9783527312184 |
| 035 ## - SYSTEM CONTROL NUMBER |
| System control number |
(WaSeSS)ssj0000216074 |
| 040 ## - CATALOGING SOURCE |
| Original cataloging agency |
UKM |
| Language of cataloging |
eng |
| Transcribing agency |
UKM |
| Modifying agency |
BAKER |
| -- |
CUS |
| -- |
DAY |
| -- |
DLC |
| -- |
WaSeSS |
| 050 #4 - LIBRARY OF CONGRESS CALL NUMBER |
| Classification number |
TK7871.89.L53 |
| Item number |
O733 2006 |
| 082 ## - DEWEY DECIMAL CLASSIFICATION NUMBER |
| Edition number |
22 |
| Classification number |
620.11295 |
| Author Mark |
ORG 2006 |
| 210 10 - ABBREVIATED TITLE |
| Abbreviated title |
Organic light-emitting devices |
| 245 00 - TITLE STATEMENT |
| Title |
Organic light-emitting devices |
| Remainder of title |
synthesis, properties, and applications / |
| Statement of responsibility, etc. |
edited by Klaus Müllen and Ullrich Scherf. |
| 260 ## - PUBLICATION, DISTRIBUTION, ETC. |
| Place of publication, distribution, etc. |
Weinheim : |
| Name of publisher, distributor, etc. |
Wiley-VCH, |
| Date of publication, distribution, etc. |
c2006. |
| 502 ## - DISSERTATION NOTE |
| Dissertation note |
. |
| 504 ## - BIBLIOGRAPHY, ETC. NOTE |
| Bibliography, etc. note |
Includes bibliographical references and index. |
| 505 0# - FORMATTED CONTENTS NOTE |
| Formatted contents note |
Inorganic semiconductors for light-emitting diodes -- Electronic processes at semiconductor polymer heterojunctions -- Photophysics of luminescent conjugated polymers -- Polymer-based light-emitting diodes (PLEDs) and displays fabricated from arrays of PLEDs -- Metal/polymer interface studies for organic light-emitting devices -- The synthesis of electroluminescent polymers -- Charge-transporting and charge-blocking amorphous molecular materials for organic light-emitting diodes -- Dendrimer light-emitting diodes -- Crosslinkable organic semiconductors for use in organic light-emitting diodes (OLEDs) -- Hybrid OLEDs with semiconductor nanocrystals -- Polymer electrophosphorescence devices -- Low-threshold organic semiconductor lasers. |
| 506 ## - RESTRICTIONS ON ACCESS NOTE |
| Terms governing access |
License restrictions may limit access. |
| 650 #0 - SUBJECT ADDED ENTRY--TOPICAL TERM |
| Topical term or geographic name entry element |
Electroluminescent devices. |
| 650 #0 - SUBJECT ADDED ENTRY--TOPICAL TERM |
| Topical term or geographic name entry element |
Light emitting diodes. |
| 700 1# - ADDED ENTRY--PERSONAL NAME |
| Personal name |
Müllen, K. |
| Fuller form of name |
(Klaus) |
| 700 1# - ADDED ENTRY--PERSONAL NAME |
| Personal name |
Scherf, Ullrich. |
| 773 #0 - HOST ITEM ENTRY |
| Title |
Wiley-Blackwell Online Books - Chemistry Collection |
| 856 40 - ELECTRONIC LOCATION AND ACCESS |
| Uniform Resource Identifier |
<a href="http://www.columbia.edu/cgi-bin/cul/resolve?clio8363878">http://www.columbia.edu/cgi-bin/cul/resolve?clio8363878</a> |
| Public note |
Full text available from Wiley-Blackwell Online Books - Chemistry Collection |
| 910 ## - USER-OPTION DATA (OCLC) |
| User-option data |
Library of Congress record |
| 942 ## - ADDED ENTRY ELEMENTS (KOHA) |
| Source of classification or shelving scheme |
|
| Koha item type |
Book |